[Event "CUB-ch (Women)"]
[Site "Pinar del Rio"]
[Date "2024.02.14"]
[Round "7"]
[White "Hernandez Gil, Ineymig"]
[Black "Ordaz Valdes, Lisandra Teresa"]
[Result "0-1"]
[WhiteElo "2143"]
[BlackElo "2310"]
[PlyCount "92"]
[EventDate "2024.02.08"]
[EventType "swiss"]
[EventRounds "10"]
[EventCountry "CUB"]
[SourceTitle "CB08_2024"]
[SourceDate "2024.02.21"]
[SourceVersion "1"]
[SourceVersionDate "2024.02.21"]
[SourceQuality "1"]

1. e4 e5 2. Nf3 Nc6 3. Bc4 Bc5 4. c3 Nf6 5. d4 exd4 6. b4 Bb6 7. e5 Ne4 8. Bd5 Nxc3 9. Nxc3 dxc3 10. 0-0 Ne7 11. Bb3 d5 12. exd6 Qxd6 13. Qe2 0-0 14. Rd1 Qxb4 15. Rb1 Qc5 16. Be3 Qf5 17. Bc2 Qe6 18. Bb3 Qg6 19. Bxb6 cxb6 20. Qxe7 c2 21. Bxc2 Qxc2 22. Rbc1 Qb2 23. a4 Qf6 24. Rc7 Qxe7 25. Rxe7 Rb8 26. h3 h6 27. Rc1 Be6 28. Nd4 Bd5 29. Rcc7 Rbc8 30. Nf5 Rxc7 31. Rxc7 Rd8 32. a5 Be6 33. Ne7+ Kf8 34. axb6 axb6 35. Rxb7 Bd7 36. Ng6+ fxg6 37. Rxb6 g5 38. Rb4 Rc8 39. h4 g4 40. Kh2 Rc3 41. f3 gxf3 42. Rf4+ Ke7 43. gxf3 Bc6 44. Kg3 g5 45. hxg5 hxg5 46. Rd4 Bxf3 0-1

[Event "CUB-ch (Women)"]
[Site "Pinar del Rio"]
[Date "2024.02.13"]
[Round "6"]
[White "Hernandez Gil, Ineymig"]
[Black "Gonzalez Ochoa, Yoana"]
[Result "1-0"]
[WhiteElo "2143"]
[BlackElo "2067"]
[PlyCount "69"]
[EventDate "2024.02.08"]
[EventType "swiss"]
[EventRounds "10"]
[EventCountry "CUB"]
[SourceTitle "CB08_2024"]
[SourceDate "2024.02.21"]
[SourceVersion "1"]
[SourceVersionDate "2024.02.21"]
[SourceQuality "1"]

1. e4 e5 2. Nf3 Nc6 3. d4 exd4 4. Nxd4 Nf6 5. Nxc6 bxc6 6. e5 Qe7 7. Qe2 Nd5 8. h4 a5 9. c4 Ba6 10. Nd2 Nb6 11. b3 a4 12. Bb2 a3 13. Bd4 c5 14. Bc3 Bb7 15. Rh3 h5 16. 0-0-0 Qe6 17. Rg3 0-0-0 18. Ne4 Be7 19. Ng5 Qf5 20. Qe3 Bxg5 21. Rxg5 Qe4 22. Qxe4 Bxe4 23. Rxg7 Rhg8 24. Rxg8 Rxg8 25. g3 Rd8 26. Be2 Bg6 27. g4 Rg8 28. gxh5 Bf5 29. h6 Kd8 30. e6 Ke7 31. Bd3 Bxd3 32. Rxd3 f6 33. Rf3 Rg6 34. h7 Rh6 35. Bxf6+ 1-0

[Event "CUB-ch (Women)"]
[Site "Pinar del Rio"]
[Date "2024.02.12"]
[Round "5"]
[White "Miranda Llanes, Yerisbel"]
[Black "Hernandez Gil, Ineymig"]
[Result "1-0"]
[WhiteElo "2262"]
[BlackElo "2143"]
[PlyCount "95"]
[EventDate "2024.02.08"]
[EventType "swiss"]
[EventRounds "10"]
[EventCountry "CUB"]
[SourceTitle "CB08_2024"]
[SourceDate "2024.02.21"]
[SourceVersion "1"]
[SourceVersionDate "2024.02.21"]
[SourceQuality "1"]

1. d4 d5 2. c4 e6 3. Nc3 Nf6 4. cxd5 exd5 5. Bg5 Be6 6. e3 Nbd7 7. Nf3 c6 8. Bd3 h6 9. Bh4 g5 10. Bg3 Nh5 11. Be5 Nhf6 12. Bg3 Nh5 13. Be5 Nxe5 14. Nxe5 Nf6 15. 0-0 Nd7 16. f4 gxf4 17. exf4 Qb6 18. Ne2 Nxe5 19. fxe5 0-0-0 20. Qc2 Kb8 21. Kh1 c5 22. Bf5 cxd4 23. Bxe6 fxe6 24. Qg6 h5 25. Nf4 Bh6 26. Qxe6 Qxe6 27. Nxe6 Rde8 28. Nc5 Rh7 29. Rf5 Be3 30. e6 d3 31. Nd7+ Kc8 32. Nf6 Rf8 33. e7 Rxe7 34. Nxd5 Rfe8 35. Nxe7+ Rxe7 36. g3 Rc7 37. Rf8+ Kd7 38. Rf7+ Kd6 39. Rxc7 Kxc7 40. Rd1 d2 41. Kg2 Kd6 42. Kf3 Bh6 43. Ke2 Ke5 44. Rf1 Ke6 45. Rf3 b6 46. Ra3 Bg7 47. Rxa7 Bxb2 48. Ra6 1-0

[Event "CUB-ch (Women)"]
[Site "Pinar del Rio"]
[Date "2024.02.10"]
[Round "3"]
[White "Hernandez Gil, Ineymig"]
[Black "Gonzalez Estrada, Chrissye Luann"]
[Result "1-0"]
[WhiteElo "2143"]
[BlackElo "2002"]
[PlyCount "61"]
[EventDate "2024.02.08"]
[EventType "swiss"]
[EventRounds "10"]
[EventCountry "CUB"]
[SourceTitle "CB08_2024"]
[SourceDate "2024.02.21"]
[SourceVersion "1"]
[SourceVersionDate "2024.02.21"]
[SourceQuality "1"]

1. e4 c6 2. Nc3 d5 3. Nf3 Bg4 4. h3 Bxf3 5. Qxf3 e6 6. d4 Nd7 7. Bd3 dxe4 8. Nxe4 Ngf6 9. c3 Nxe4 10. Qxe4 Nf6 11. Qh4 Nd5 12. Qe4 Be7 13. 0-0 Nf6 14. Qe2 0-0 15. Re1 Rc8 16. Bd2 Qd5 17. Bc4 Qh5 18. Qf1 Bd6 19. Rad1 Nd5 20. g3 b5 21. Bd3 Rfe8 22. f4 f5 23. Kg2 Re7 24. Qf3 Qf7 25. b3 Rb8 26. c4 bxc4 27. bxc4 Nb4 28. Bb1 Qe8 29. a3 Na6 30. c5 Bc7 31. Qe2 1-0

[Event "Cancun Camara Cup 11th"]
[Site "Cancun"]
[Date "2023.10.15"]
[Round "8"]
[White "Gutierrez Delgado, Yusuan Alfredo"]
[Black "Hernandez Gil, Ineymig"]
[Result "1-0"]
[WhiteElo "2322"]
[BlackElo "2170"]
[PlyCount "133"]
[EventDate "2023.10.11"]
[EventType "swiss"]
[EventRounds "9"]
[EventCountry "MEX"]
[SourceTitle "Mega2024 Update 01"]
[Source "Chessbase"]
[SourceDate "2023.11.12"]
[SourceVersion "1"]
[SourceVersionDate "2023.11.12"]
[SourceQuality "1"]

1. e4 c6 2. d4 d5 3. exd5 cxd5 4. Bd3 Nc6 5. c3 Nf6 6. Bf4 Bg4 7. Nf3 e6 8. Nbd2 Bd6 9. Bxd6 Qxd6 10. 0-0 0-0 11. Re1 Rfe8 12. Qb3 Bxf3 13. Nxf3 Rab8 14. Ne5 Nd7 15. f4 f6 16. Nxd7 Qxd7 17. Qc2 g6 18. Re3 f5 19. Qe2 Re7 20. Re1 Rbe8 21. Kh1 Qd6 22. Qf2 a6 23. Qh4 Nb8 24. Qg5 Rg7 25. c4 Nc6 26. b3 Nxd4 27. cxd5 Qxd5 28. Bc4 Qd6 29. Rd1 b5 30. Bxe6+ Rxe6 31. Rxe6 Nxe6 32. Rxd6 Nxg5 33. fxg5 Rc7 34. h4 a5 35. Ra6 a4 36. bxa4 bxa4 37. Rxa4 Kg7 38. Rd4 h6 39. a4 hxg5 40. hxg5 Rc3 41. a5 Ra3 42. Rd7+ Kg8 43. Ra7 Ra2 44. a6 f4 45. Kg1 Kf8 46. Kf1 Kg8 47. Ke1 Kf8 48. Kd1 Ke8 49. Ra8+ Kf7 50. Ke1 Kg7 51. Kd1 Kf7 52. Kc1 Kg7 53. Ra7+ Kf8 54. Kb1 Rxg2 55. Rb7 Rxg5 56. a7 Ra5 57. Kc2 f3 58. Kd2 Ra2+ 59. Ke1 Ra1+ 60. Kf2 Ra2+ 61. Kxf3 Ra3+ 62. Kf4 Ra4+ 63. Kg5 Ra5+ 64. Kxg6 Ra6+ 65. Kf5 Ra5+ 66. Ke4 Ra4+ 67. Kd5 1-0

[Event "Cancun Camara Cup 11th"]
[Site "Cancun"]
[Date "2023.10.15"]
[Round "9"]
[White "Hernandez Gil, Ineymig"]
[Black "Davalos Prieto, Abel"]
[Result "1-0"]
[WhiteElo "2170"]
[BlackElo "2026"]
[PlyCount "65"]
[EventDate "2023.10.11"]
[EventType "swiss"]
[EventRounds "9"]
[EventCountry "MEX"]
[SourceTitle "Mega2024 Update 01"]
[Source "Chessbase"]
[SourceDate "2023.11.12"]
[SourceVersion "1"]
[SourceVersionDate "2023.11.12"]
[SourceQuality "1"]

1. e4 e5 2. Nc3 Nf6 3. Bc4 Bc5 4. d3 Nc6 5. h3 a6 6. a4 d6 7. Nge2 Be6 8. 0-0 h6 9. Nd5 0-0 10. c3 Nh7 11. d4 Ba7 12. Kh2 Ne7 13. f4 exd4 14. Nxd4 Bxd4 15. Qxd4 c6 16. Nxe7+ Qxe7 17. Bd3 Rad8 18. f5 Bc8 19. Bf4 f6 20. Rad1 Rfe8 21. Rfe1 Kh8 22. Bc4 d5 23. exd5 Qxe1 24. Rxe1 Rxe1 25. Qb6 Rde8 26. dxc6 bxc6 27. Qxc6 Bxf5 28. Bxa6 Ng5 29. a5 R8e6 30. Qb5 Be4 31. Bb7 Bxb7 32. Qxb7 Ra1 33. Bxg5 1-0

[Event "Cancun Camara Cup 11th"]
[Site "Cancun"]
[Date "2023.10.14"]
[Round "6"]
[White "Hernandez Gil, Ineymig"]
[Black "Gonzalez Ochoa, Yoana"]
[Result "1-0"]
[WhiteElo "2170"]
[BlackElo "2102"]
[PlyCount "35"]
[EventDate "2023.10.11"]
[EventType "swiss"]
[EventRounds "9"]
[EventCountry "MEX"]
[SourceTitle "Mega2024 Update 01"]
[Source "Chessbase"]
[SourceDate "2023.11.12"]
[SourceVersion "1"]
[SourceVersionDate "2023.11.12"]
[SourceQuality "1"]

1. e4 e5 2. Nc3 c6 3. d4 d6 4. dxe5 dxe5 5. Qxd8+ Kxd8 6. Bc4 f6 7. f4 Bd6 8. fxe5 Bxe5 9. Nf3 Bd6 10. Be3 Ne7 11. 0-0-0 Kc7 12. Rxd6 Kxd6 13. Rd1+ Kc7 14. Bf4+ Kb6 15. Na4+ Ka5 16. Bd2+ Kxa4 17. b3+ Ka3 18. Kb1 1-0

[Event "Cancun Camara Cup 11th"]
[Site "Cancun"]
[Date "2023.10.12"]
[Round "2"]
[White "Hernandez Gil, Ineymig"]
[Black "Duran Vega, Sergio"]
[Result "0-1"]
[WhiteElo "2170"]
[BlackElo "2392"]
[PlyCount "222"]
[EventDate "2023.10.11"]
[EventType "swiss"]
[EventRounds "9"]
[EventCountry "MEX"]
[SourceTitle "Mega2024 Update 01"]
[Source "Chessbase"]
[SourceDate "2023.11.12"]
[SourceVersion "1"]
[SourceVersionDate "2023.11.12"]
[SourceQuality "1"]

1. e4 e5 2. Nf3 Nc6 3. Bc4 Nf6 4. d3 h6 5. 0-0 d6 6. c3 g5 7. Nbd2 Bg7 8. Bb3 Nh5 9. Nc4 Nf4 10. d4 Qf6 11. dxe5 dxe5 12. Ne3 0-0 13. Nd5 Nxd5 14. exd5 Ne7 15. Nd2 Rd8 16. Ne4 Qg6 17. Re1 Nxd5 18. Bxd5 Be6 19. c4 c6 20. Nc3 cxd5 21. cxd5 Bxd5 22. Nxd5 Qe6 23. Be3 Rxd5 24. Qb3 b6 25. Rac1 Rad8 26. Rc7 R8d7 27. Rc8+ Kh7 28. Qc2+ Qg6 29. Qxg6+ Kxg6 30. g4 h5 31. h3 Ra5 32. Rc6+ f6 33. a3 Rd3 34. Kg2 Rb3 35. Rd1 hxg4 36. hxg4 Ra4 37. Kg3 Rd4 38. Rdc1 Rd7 39. R1c2 Bf8 40. Kg2 Rbd3 41. Rc8 Bd6 42. R2c6 Kf7 43. Rh8 Ke6 44. Rh6 Kd5 45. Rc8 Be7 46. Rh7 Ke6 47. Rc6+ R3d6 48. Rc2 Bd8 49. Rh6 Kd5 50. Rh8 Ke4 51. Rc4+ Kd5 52. Rc2 Ke6 53. Rh6 Kf7 54. Rc8 Kg7 55. Rh1 Kg6 56. Rhc1 f5 57. gxf5+ Kxf5 58. R1c4 Re6 59. b4 Red6 60. a4 Bf6 61. b5 Bd8 62. R4c6 g4 63. Rc4 Rd5 64. Kg3 e4 65. R4c6 Rh7 66. Kg2 Rdd7 67. Rc4 Bc7 68. Rf8+ Rhf7 69. Rh8 Bf4 70. Bd4 Rc7 71. Rb4 Bd6 72. Rb1 Rc4 73. Rh5+ Kg6 74. Rd5 Bc7 75. Re1 g3 76. Rxe4 Rxf2+ 77. Bxf2 Rxe4 78. Bd4 Re2+ 79. Kf3 Rd2 80. Ke3 Rd1 81. Ke2 Rc1 82. Kf3 Rc4 83. a5 Kf7 84. axb6 axb6 85. Be3 Rc3 86. Ke4 Rc4+ 87. Kf3 Ke6 88. Rg5 Kf6 89. Rh5 Rc3 90. Rh8 Kf5 91. Rh5+ Kg6 92. Rg5+ Kf6 93. Rg8 Rb3 94. Rc8 Bd6 95. Rc6 Ke5 96. Rxb6 Bc5 97. Rg6 Bxe3 98. Kxg3 Bf4+ 99. Kf2 Rxb5 100. Rg8 Ke4 101. Re8+ Be5 102. Kg2 Rb2+ 103. Kh3 Rh2+ 104. Kg4 Rg2+ 105. Kh3 Rg6 106. Ra8 Bf4 107. Ra3 Be3 108. Ra8 Kf3 109. Rh8 Bf4 110. Kh4 Rg2 111. Kh5 Rh2+ 0-1

[Event "Wch U20 Girls 39th"]
[Site "Mexico City"]
[Date "2023.10.01"]
[Round "11"]
[White "Hernandez Gil, Ineymig"]
[Black "Sultanbek, Zeinep"]
[Result "1/2-1/2"]
[WhiteElo "2170"]
[BlackElo "2022"]
[PlyCount "203"]
[EventDate "2023.09.21"]
[EventType "swiss"]
[EventRounds "11"]
[EventCountry "MEX"]
[SourceTitle "EXT 2024"]
[Source "ChessBase"]
[SourceDate "2023.10.10"]
[SourceVersion "1"]
[SourceVersionDate "2023.10.10"]
[SourceQuality "1"]

1. e4 c5 2. Nf3 d6 3. Bb5+ Nd7 4. a4 Ngf6 5. Nc3 g6 6. a5 Bg7 7. 0-0 0-0 8. Re1 a6 9. Bf1 b5 10. axb6 Bb7 11. d3 Qxb6 12. h3 Rfb8 13. Ra2 Bc6 14. b3 a5 15. Na4 Qd8 16. Bd2 Nb6 17. Nxb6 Qxb6 18. Bc3 a4 19. bxa4 Rxa4 20. Rxa4 Bxa4 21. Qd2 Bc6 22. Ba1 Ra8 23. e5 Nd7 24. d4 Bxf3 25. gxf3 cxd4 26. Bxd4 Qc7 27. e6 fxe6 28. Rxe6 Nf8 29. Re1 Rc8 30. Bxg7 Kxg7 31. Bd3 e5 32. f4 Re8 33. Qe3 Re7 34. h4 Qd7 35. f5 Rf7 36. f4 Re7 37. Kh2 Qa4 38. f6+ Kxf6 39. fxe5+ Rxe5 40. Qf2+ Kg7 41. Rf1 Ne6 42. Qf6+ Kh6 43. Bxg6 Re2+ 44. Kh1 Qd4 45. Bf7+ Qxf6 46. Rxf6+ Kg7 47. Rxe6 Rxc2 48. Be8 d5 49. h5 d4 50. h6+ Kf8 51. Bg6 hxg6 52. Re8+ Kxe8 53. h7 Kf7 54. h8Q Rc5 55. Qxd4 Rf5 56. Kg2 Kf8 57. Kg3 Kf7 58. Kg4 Kf8 59. Qd6+ Kg7 60. Qe7+ Kg8 61. Qd7 Kh8 62. Qd6 Kg7 63. Qe6 Kh7 64. Qe7+ Kg8 65. Qh4 Kg7 66. Qh2 Rf7 67. Qb2+ Kh7 68. Qb3 Rf5 69. Qb7+ Kg8 70. Qc7 Kh8 71. Qc1 Kg7 72. Qd2 Kh7 73. Qe3 Kg7 74. Qe8 Kh7 75. Qa8 Kg7 76. Qh1 Rf7 77. Qh3 Rf5 78. Qb3 Kh7 79. Qc3 Kg8 80. Kh4 Rh5+ 81. Kg3 Rf5 82. Qc7 Kh8 83. Qe7 Kg8 84. Qh4 Kg7 85. Qd4+ Kh7 86. Qd6 Kg7 87. Qe7+ Kg8 88. Qe4 Kg7 89. Qh4 Rf7 90. Kg4 Rf5 91. Qh2 Rf7 92. Qd2 Rf5 93. Qb2+ Kh7 94. Qa1 Kg8 95. Qa2+ Kg7 96. Qb2+ Kh7 97. Qc3 Kg8 98. Qd2 Kg7 99. Qe3 Kh7 100. Qa7+ Kg8 101. Qb7 Kh8 102. Qc7 1/2-1/2

[Event "Wch U20 Girls 39th"]
[Site "Mexico City"]
[Date "2023.09.22"]
[Round "3"]
[White "Djidjeli, Sarah"]
[Black "Hernandez Gil, Ineymig"]
[Result "1/2-1/2"]
[WhiteElo "2058"]
[BlackElo "2170"]
[PlyCount "134"]
[EventDate "2023.09.21"]
[EventType "swiss"]
[EventRounds "11"]
[EventCountry "MEX"]
[SourceTitle "EXT 2024"]
[Source "ChessBase"]
[SourceDate "2023.10.10"]
[SourceVersion "1"]
[SourceVersionDate "2023.10.10"]
[SourceQuality "1"]

1. e4 c6 2. d4 d5 3. Nd2 dxe4 4. Nxe4 Bf5 5. Ng3 Bg6 6. h4 h6 7. Bd3 Bxd3 8. Qxd3 e6 9. N1e2 Nf6 10. Bd2 Nbd7 11. 0-0-0 Qc7 12. Rhe1 0-0-0 13. Kb1 Bd6 14. Ne4 Nxe4 15. Qxe4 Nf6 16. Qf3 c5 17. dxc5 Bxc5 18. Nc3 Qc6 19. Qxc6+ bxc6 20. f3 Bf2 21. Rh1 Rd4 22. Be1 Rxd1+ 23. Nxd1 Bb6 24. Bc3 Rd8 25. b3 Rd5 26. Nb2 Bd4 27. Bxd4 Rxd4 28. Nc4 Nd7 29. c3 Rd5 30. Kc2 Nb6 31. Ne3 Rd8 32. Rd1 Nd5 33. Nc4 Kc7 34. Re1 Re8 35. g3 f6 36. Ne3 Nxe3+ 37. Rxe3 e5 38. Kd3 Rd8+ 39. Ke4 g6 40. f4 exf4 41. Kxf4 Rd2 42. Re7+ Kb6 43. Rh7 g5+ 44. Kg4 gxh4 45. gxh4 Rg2+ 46. Kh5 Rxa2 47. Rxh6 Ra3 48. Rxf6 Rxb3 49. Rf3 a5 50. Kg6 a4 51. h5 a3 52. h6 a2 53. h7 a1Q 54. h8Q Qb1+ 55. Kf6 Qd1 56. Qb8+ Kc5 57. Qa7+ Kc4 58. Qa4+ Kc5 59. Qa7+ Kc4 60. Rf4+ Kxc3 61. Qc5+ Kb2 62. Rf2+ Kb1 63. Qf5+ Qd3 64. Rf1+ Kb2 65. Rf2+ Kb1 66. Rf1+ Kb2 67. Rf2+ Kb1 1/2-1/2

[Event "American Continental (Women) 14th"]
[Site "Havana"]
[Date "2023.05.08"]
[Round "3"]
[White "Hernandez Gil, Ineymig"]
[Black "Francisco Guecamburu, Candela Be"]
[Result "0-1"]
[WhiteElo "2140"]
[BlackElo "2286"]
[PlyCount "76"]
[EventDate "2023.05.07"]
[EventType "swiss"]
[EventRounds "9"]
[EventCountry "CUB"]
[SourceTitle "CBM 214 Extra"]
[Source "ChessBase"]
[SourceDate "2023.07.31"]
[SourceVersion "1"]
[SourceVersionDate "2023.07.31"]
[SourceQuality "1"]

1. e4 e5 2. Nf3 Nc6 3. Bc4 Nf6 4. d3 h6 5. 0-0 d6 6. c3 g5 7. Nbd2 Bg7 8. Bb3 Qe7 9. Nc4 Be6 10. Ne3 Qd7 11. Re1 a6 12. Bc2 d5 13. exd5 Nxd5 14. Nc4 f6 15. d4 0-0-0 16. dxe5 Qf7 17. Ncd2 fxe5 18. Qe2 Nf4 19. Qe4 g4 20. Nh4 Rhf8 21. f3 Qf6 22. g3 Nh3+ 23. Kg2 Ng5 24. Qe3 gxf3+ 25. Ndxf3 Bh3+ 26. Kf2 Rde8 27. Be4 Bg4 28. Kg2 Nxe4 29. Qxe4 Qe6 30. Be3 Rf7 31. Bc5 Ne7 32. Bxe7 Rexe7 33. Rad1 Rf8 34. c4 Ref7 35. Rd3 Bf6 36. Rd2 Bxh4 37. Nxh4 Bh3+ 38. Kh1 Rf1+ 0-1

[Event "Olympiad Women-44"]
[Site "Chennai"]
[Date "2022.08.06"]
[Round "8.4"]
[White "Hapala, Elisabeth"]
[Black "Hernandez Gil, Ineymig"]
[Result "0-1"]
[WhiteElo "2113"]
[BlackElo "2234"]
[PlyCount "90"]
[EventDate "2022.07.29"]
[EventType "team-swiss"]
[EventRounds "11"]
[EventCountry "IND"]
[SourceTitle "CBM 210"]
[Source "ChessBase"]
[SourceDate "2022.10.31"]
[SourceVersion "1"]
[SourceVersionDate "2022.10.31"]
[SourceQuality "1"]
[WhiteTeam "Austria (W)"]
[BlackTeam "Cuba (W)"]
[WhiteTeamCountry "AUT"]
[BlackTeamCountry "CUB"]

1. e4 c6 2. d4 d5 3. e5 c5 4. dxc5 e6 5. a3 Bxc5 6. b4 Be7 7. Bd3 a5 8. b5 Nd7 9. Nf3 f6 10. Bb2 Nh6 11. 0-0 Nf7 12. exf6 Bxf6 13. Bxf6 Qxf6 14. Ra2 e5 15. Re1 0-0 16. Bf1 Nb6 17. c4 dxc4 18. Nbd2 Be6 19. Rc2 Rac8 20. Qc1 Bd5 21. Nxc4 Bxf3 22. Nxb6 Rxc2 23. Qxc2 Qxb6 24. gxf3 Ng5 25. Qb3+ Kh8 26. Bg2 e4 27. Qe3 Qg6 28. Kh1 exf3 29. Bf1 h6 30. Qe7 Qf5 31. Qxb7 Qc2 32. Qe7 Rb8 33. Qe3 Qa4 34. b6 Qc6 35. Bd3 Nh7 36. Rb1 Nf6 37. Qd4 Qc8 38. Qd6 Ng4 39. Kg1 Qe8 40. Bf5 Nxf2 41. b7 Rxb7 42. Rc1 Nh3+ 43. Kh1 f2 44. Bd3 Rb1 45. Rxb1 Qa8+ 0-1

[Event "Oviedo op 8th"]
[Site "Oviedo"]
[Date "2022.07.23"]
[Round "9"]
[White "Hernandez Gil, Ineymig"]
[Black "Kila Ruiz, Ichiro"]
[Result "0-1"]
[WhiteElo "2234"]
[BlackElo "1799"]
[PlyCount "80"]
[EventDate "2022.07.17"]
[EventType "swiss"]
[EventRounds "9"]
[EventCountry "ESP"]
[SourceTitle "CBM 209 Extra"]
[Source "ChessBase"]
[SourceDate "2022.09.30"]
[SourceVersion "1"]
[SourceVersionDate "2022.09.30"]
[SourceQuality "1"]

1. e4 e6 2. d4 d5 3. Nd2 Nf6 4. e5 Nfd7 5. Bd3 c5 6. c3 Nc6 7. Ne2 cxd4 8. cxd4 f6 9. exf6 Nxf6 10. Nf3 Bd6 11. 0-0 0-0 12. Bf4 Bxf4 13. Nxf4 Ne4 14. Ne2 Rxf3 15. gxf3 Ng5 16. f4 Nh3+ 17. Kh1 Qh4 18. Qe1 Nxf4 19. Nxf4 Qxf4 20. Qe3 Qxd4 21. Rg1 e5 22. Qh6 e4 23. Bb5 g6 24. Rad1 Qf6 25. Qg5 Qf3+ 26. Qg2 Bg4 27. Rd2 Rd8 28. Be2 Qxg2+ 29. Rxg2 Bf5 30. Rg3 d4 31. Rb3 d3 32. Bd1 Ne5 33. Rxb7 e3 34. Re7 Be4+ 35. Kg1 exd2 36. Rxe5 Bf5 37. Kg2 Rc8 38. Re7 Rc1 39. Bb3+ Kf8 40. Rxa7 Rc2 0-1

[Event "Oviedo op 8th"]
[Site "Oviedo"]
[Date "2022.07.21"]
[Round "7"]
[White "Menguez Rodriguez, Felipe"]
[Black "Hernandez Gil, Ineymig"]
[Result "1/2-1/2"]
[WhiteElo "1839"]
[BlackElo "2234"]
[PlyCount "49"]
[EventDate "2022.07.17"]
[EventType "swiss"]
[EventRounds "9"]
[EventCountry "ESP"]
[SourceTitle "CBM 209 Extra"]
[Source "ChessBase"]
[SourceDate "2022.09.30"]
[SourceVersion "1"]
[SourceVersionDate "2022.09.30"]
[SourceQuality "1"]

1. e4 c6 2. d4 d5 3. e5 Bf5 4. h4 h5 5. Bg5 Qb6 6. Bd3 Bxd3 7. Qxd3 Qxb2 8. Nf3 Qxa1 9. Qb3 b5 10. 0-0 a5 11. Nc3 a4 12. Nxa4 Qxf1+ 13. Kxf1 Rxa4 14. e6 Nh6 15. Bf4 Na6 16. Ne5 fxe6 17. Nxc6 Kf7 18. Ne5+ Kg8 19. Qd3 Rxa2 20. Qg6 Nc7 21. Bxh6 Rxh6 22. Qf7+ Kh7 23. Qxf8 Rf6 24. Nf7 Kg6 25. Ne5+ 1/2-1/2

[Event "Oviedo op 8th"]
[Site "Oviedo"]
[Date "2022.07.20"]
[Round "6"]
[White "Hernandez Gil, Ineymig"]
[Black "Gonzalez Guijas, Sergio"]
[Result "1-0"]
[WhiteElo "2234"]
[BlackElo "1394"]
[PlyCount "43"]
[EventDate "2022.07.17"]
[EventType "swiss"]
[EventRounds "9"]
[EventCountry "ESP"]
[SourceTitle "CBM 209 Extra"]
[Source "ChessBase"]
[SourceDate "2022.09.30"]
[SourceVersion "1"]
[SourceVersionDate "2022.09.30"]
[SourceQuality "1"]

1. e4 e6 2. d4 d5 3. Nd2 h6 4. Ngf3 Nf6 5. Bd3 c5 6. dxc5 Bxc5 7. Qe2 Nc6 8. c3 a6 9. 0-0 b5 10. exd5 Nxd5 11. Ne4 Ba7 12. Rd1 Qe7 13. a4 Bb7 14. axb5 axb5 15. Bxb5 Bxf2+ 16. Qxf2 Rxa1 17. Ne5 Qc7 18. Nd6+ Qxd6 19. Bxc6+ Bxc6 20. Qxf7+ Kd8 21. Qxg7 Re8 22. Nf7+ 1-0

[Event "Guillermo Garcia Memorial-C"]
[Site "Santa Clara"]
[Date "2022.05.07"]
[Round "7"]
[White "Guerrero Rodriguez, Alejandra"]
[Black "Hernandez Gil, Ineymig"]
[Result "0-1"]
[WhiteElo "2023"]
[BlackElo "2328"]
[PlyCount "72"]
[EventDate "2022.04.30"]
[EventType "tourn"]
[EventRounds "9"]
[EventCountry "CUB"]
[SourceTitle "CBM 208 Extra"]
[Source "ChessBase"]
[SourceDate "2022.07.31"]
[SourceVersion "1"]
[SourceVersionDate "2022.07.31"]
[SourceQuality "1"]

1. e4 c6 2. d4 d5 3. Nc3 dxe4 4. Nxe4 Bf5 5. Ng3 Bg6 6. h4 h6 7. h5 Bh7 8. Nf3 Nd7 9. Bd3 Bxd3 10. Qxd3 e6 11. Bf4 Qa5+ 12. Bd2 Bb4 13. c3 Be7 14. c4 Qc7 15. 0-0-0 Ngf6 16. Kb1 0-0 17. Ne4 b5 18. cxb5 cxb5 19. Nxf6+ Nxf6 20. Ne5 Qb7 21. f3 Nd5 22. g4 Bg5 23. Bxg5 hxg5 24. Qe4 b4 25. h6 g6 26. h7+ Kg7 27. Nd3 Qc7 28. Rc1 Qd6 29. Ne5 Nf6 30. Qe3 Nxh7 31. Rxh7+ Kxh7 32. Qxg5 Kg7 33. Qe3 Rac8 34. Rd1 Rh8 35. g5 Qc7 36. Qb3 Rh2 0-1

[Event "Guillermo Garcia Memorial-C"]
[Site "Santa Clara"]
[Date "2022.05.04"]
[Round "5"]
[White "Gonzalez Velasco, Leandro"]
[Black "Hernandez Gil, Ineymig"]
[Result "0-1"]
[WhiteElo "2019"]
[BlackElo "2328"]
[PlyCount "148"]
[EventDate "2022.04.30"]
[EventType "tourn"]
[EventRounds "9"]
[EventCountry "CUB"]
[SourceTitle "CBM 208 Extra"]
[Source "ChessBase"]
[SourceDate "2022.07.31"]
[SourceVersion "1"]
[SourceVersionDate "2022.07.31"]
[SourceQuality "1"]

1. e4 c6 2. Nc3 d5 3. Nf3 Bg4 4. h3 Bxf3 5. Qxf3 Nf6 6. d4 e6 7. Bd3 dxe4 8. Nxe4 Qxd4 9. c3 Qd8 10. Bg5 Be7 11. Rd1 Nxe4 12. Bxe4 Nd7 13. Bf4 Qc8 14. Bd6 Bxd6 15. Rxd6 Qc7 16. Qg3 0-0-0 17. 0-0 Nf6 18. Rxd8+ Rxd8 19. Qxc7+ Kxc7 20. Bc2 Rd2 21. Rc1 Nd5 22. g3 g6 23. Kf1 Nb6 24. Ke1 Rd7 25. Ke2 Kd8 26. b4 e5 27. Bb3 Ke7 28. c4 f5 29. a4 Rd4 30. a5 Nd7 31. Ba4 a6 32. Rc3 Nf6 33. Bc2 Ne8 34. Ke3 Nd6 35. Bd3 g5 36. c5 f4+ 37. gxf4 gxf4+ 38. Ke2 Nb5 39. Rc4 Rxc4 40. Bxc4 e4 41. Bg8 Nd4+ 42. Kd2 h6 43. Bh7 Nf3+ 44. Ke2 Nd4+ 45. Kd2 Nf3+ 46. Ke2 Ng1+ 47. Kf1 Nxh3 48. Bf5 Ng5 49. Bc8 Kd8 50. Bxb7 Kc7 51. Bxa6 Nf3 52. Be2 Nd4 53. Bd1 Kb7 54. Ba4 h5 55. Kg2 h4 56. Bd1 e3 57. fxe3 fxe3 58. Bg4 Ka6 59. Bc8+ Ka7 60. Bg4 Ka6 61. Bc8+ Ka7 62. Bg4 e2 63. Kf2 h3 64. Bxh3 Nf3 65. Kxe2 Ng1+ 66. Kd3 Nxh3 67. b5 cxb5 68. c6 Nf4+ 69. Ke4 Ne6 70. Kd5 Nc7+ 71. Kd6 Na8 72. Kc5 Ka6 73. Kb4 Nc7 74. Kc5 Kxa5 0-1

[Event "Guillermo Garcia Memorial-C"]
[Site "Santa Clara"]
[Date "2022.05.03"]
[Round "4"]
[White "Hernandez Gil, Ineymig"]
[Black "Hernandez Machado, Patricia M"]
[Result "0-1"]
[WhiteElo "2328"]
[BlackElo "2204"]
[PlyCount "76"]
[EventDate "2022.04.30"]
[EventType "tourn"]
[EventRounds "9"]
[EventCountry "CUB"]
[SourceTitle "CBM 208 Extra"]
[Source "ChessBase"]
[SourceDate "2022.07.31"]
[SourceVersion "1"]
[SourceVersionDate "2022.07.31"]
[SourceQuality "1"]

1. e4 c5 2. c3 Nf6 3. e5 Nd5 4. Nf3 Nc6 5. Bc4 Nb6 6. Bb3 c4 7. Bc2 d5 8. exd6 e6 9. 0-0 Bxd6 10. d4 cxd3 11. Qxd3 Qc7 12. Rd1 Nd5 13. a3 Ne5 14. Nxe5 Bxe5 15. c4 Nb6 16. Nc3 Bd7 17. c5 Qxc5 18. Be3 Qc4 19. Qd2 Bc6 20. f4 Bf6 21. Bd3 Bxc3 22. bxc3 Qd5 23. Qe2 Qa5 24. Bd4 0-0-0 25. Qf2 Na4 26. c4 h5 27. Rdb1 Rxd4 28. Qxd4 Rd8 29. Qxg7 Rxd3 30. Qxf7 Qc5+ 31. Kh1 Qxc4 32. Qg8+ Rd8 33. Qg5 Nc3 34. Re1 Ne4 35. Qh4 Rg8 36. Rac1 Qa2 37. g3 Nxg3+ 38. Kg1 Qg2# 0-1